000 00606nam a2200241 a 4500
001 nice12345678
003 IN_TiNIC
005 20260116014330.0
008 120110s2012 dela grp 000 0 eng
020 _a9788178849713
_c900
082 0 0 _a294.34
_bCHA
100 _aChaterjee, Suman
245 _aOrigin of Buddhist Meditation
260 _aDelhi
_bCyber Techpub
_c2012
300 _a264p
500 _aincludes index and biblioraphy
505 2 _aBibliography, Index
650 _aBuddhism-Practices
700 1 _aChaterjee, Suman
902 _bSRS
942 _cBK
999 _c14852
_d14852